[Event "6eme OPEN BLAGNY"]
[Site "BLAGNY 08 ARDENNES"]
[Date "????.??.??"]
[Round "5.3"]
[White "Audino, Marco"]
[Black "Schweitzer, Marc"]
[Result "0-1"]
[WhiteElo "1499"]
[BlackElo "1943"]
[PlyCount "84"]

1. e4 c5 2. Nf3 Nc6 3. d4 cxd4 4. Nxd4 e5 5. Nb3 h6 6. Nc3 Nf6 7. Be2 Bb4 8. f3
Bxc3+ 9. bxc3 O-O 10. Be3 d5 11. Bc5 Re8 12. exd5 Nxd5 13. c4 Nf4 14. Qxd8 Rxd8
15. Kf2 Nxe2 16. Kxe2 Be6 17. Nd2 Na5 18. Rhd1 Bxc4+ 19. Nxc4 Nxc4 20. Rd3 b6
21. Bb4 a5 22. Be7 Rdc8 23. Rb1 Rc6 24. Bh4 Rac8 25. Bf2 Kf8 26. Rb5 Ke7 27. c3
Rd8 28. Rxd8 Kxd8 29. Kd3 Kc7 30. a4 f6 31. Bg3 Nd6 32. Rd5 Nf5 33. Rb5 Nxg3
34. hxg3 Rd6+ 35. Ke2 Kc6 36. g4 Rd5 37. Rb1 b5 38. axb5+ Rxb5 39. Rd1 Rb2+ 40.
Kf1 a4 41. Ra1 Kb5 42. c4+ Kb4 0-1

[Event "6eme OPEN BLAGNY"]
[Site "BLAGNY 08 ARDENNES"]
[Date "????.??.??"]
[Round "5.4"]
[White "Halfaoui, Eddine"]
[Black "Jupin, Francois"]
[Result "1-0"]
[WhiteElo "1921"]
[BlackElo "1623"]
[PlyCount "55"]

1. e4 e6 2. d4 d5 3. e5 c5 4. c3 Nc6 5. Nf3 Bd7 6. a3 cxd4 7. cxd4 Nge7 8. Nc3
Nf5 9. Be3 Be7 10. Bd3 Nxe3 11. fxe3 Bg5 12. Nxg5 Qxg5 13. Qf3 f5 14. O-O h5
15. Nb5 Ke7 16. Nd6 Nd8 17. Rac1 Bc6 18. b4 a6 19. a4 Rf8 20. b5 axb5 21. axb5
Bd7 22. e4 Ra3 23. exd5 exd5 24. Rc7 Ne6 25. Nxf5+ Rxf5 26. Rxd7+ Kxd7 27.
Qxd5+ Kc7 28. Qd6+ 1-0

[Event "6eme OPEN BLAGNY"]
[Site "BLAGNY 08 ARDENNES"]
[Date "????.??.??"]
[Round "5.5"]
[White "Romain, Adeline"]
[Black "Marini, Franck"]
[Result "0-1"]
[WhiteElo "1710"]
[BlackElo "1576"]
[PlyCount "102"]

1. d4 d5 2. Nf3 Nf6 3. e3 e6 4. Nbd2 c5 5. c4 Nc6 6. b3 Bd6 7. a3 b6 8. Bb2 Qe7
9. Ne5 Bb7 10. Ndf3 O-O 11. Qc2 Rac8 12. Ng5 cxd4 13. Nxc6 Bxc6 14. Bxd4 e5 15.
Bb2 h6 16. Nh3 dxc4 17. bxc4 Qb7 18. f3 Rfe8 19. Qf5 Bd7 20. Qd3 Bc5 21. e4
Rcd8 22. Qc2 Bc6 23. Bd3 Qa6 24. g4 Qc8 25. Qe2 Qd7 26. Rd1 Bd4 27. Bxd4 Qxd4
28. g5 hxg5 29. Nxg5 Ba4 30. Bc2 Qc3+ 31. Rd2 Bxc2 32. h4 Rxd2 33. Qxd2 Qxd2+
34. Kxd2 Ba4 35. Kc3 Rd8 36. Kb4 Bc6 37. a4 Nh7 38. a5 Nxg5 39. hxg5 bxa5+ 40.
Kxa5 Rd3 41. Rf1 Bb7 42. c5 Kf8 43. Rb1 Rd7 44. Rc1 Bc6 45. Rc3 Ke8 46. Rb3 Rb7
47. Rc3 Rd7 48. Rb3 Ke7 49. Rc3 Rd4 50. Ra3 Rc4 51. Ra1 Rxc5+ 0-1

[Event "6eme OPEN BLAGNY"]
[Site "BLAGNY 08 ARDENNES"]
[Date "????.??.??"]
[Round "5.6"]
[White "Recloux, Georges"]
[Black "Jupin, Remi"]
[Result "1/2-1/2"]
[WhiteElo "1562"]
[BlackElo "1520"]
[PlyCount "135"]

1. e4 e6 2. d4 d5 3. Nc3 Nf6 4. Bg5 dxe4 5. Nxe4 Be7 6. Bd3 Nxe4 7. Bxe7 Nxf2
8. Bxd8 Nxd1 9. Bxc7 Nxb2 10. Be4 Nc6 11. Bd6 Nc4 12. Bxc6+ bxc6 13. Bf4 O-O
14. Nf3 Bb7 15. O-O Rac8 16. Rab1 Nb6 17. Bd6 Rfd8 18. Bc5 Ba6 19. Rf2 Bb5 20.
Ng5 Rd7 21. Ne4 Rcd8 22. c3 Bd3 23. Re1 Rd5 24. Rd2 Bxe4 25. Rxe4 e5 26. Rde2
Na4 27. Rxe5 Rxe5 28. Rxe5 Nxc3 29. a3 f6 30. Re3 Nb5 31. Rd3 Kf7 32. Re3 Rd7
33. Kf2 Rd5 34. Re7+ Kg6 35. Ke3 Rh5 36. h3 Rg5 37. g4 h5 38. Kf4 hxg4 39. hxg4
Rd5 40. Ke3 Rg5 41. a4 Nc3 42. Rxa7 Rxg4 43. a5 f5 44. Kf3 Nb5 45. Rd7 Kf6 46.
a6 Ke6 47. Re7+ Kd5 48. a7 Nxa7 49. Bxa7 g6 50. Rd7+ Kc4 51. Rf7 Kd5 52. Rf6
Rg1 53. Kf2 Rg4 54. Kf3 Rg1 55. Rf8 Kc4 56. Rf6 Kd5 57. Rf8 Kc4 58. Kf4 Rg4+
59. Kf3 Rg1 60. Rc8 Kd5 61. Rd8+ Kc4 62. d5 Ra1 63. dxc6 Rxa7 64. Rd7 Ra6 65.
c7 Rc6 66. Rd1 Kb5 67. Rg1 Rxc7 68. Rxg6 1/2-1/2

[Event "6eme OPEN BLAGNY"]
[Site "BLAGNY 08 ARDENNES"]
[Date "????.??.??"]
[Round "6.1"]
[White "Halfaoui, Eddine"]
[Black "Wallart, Adrien"]
[Result "0-1"]
[WhiteElo "1921"]
[BlackElo "2282"]
[PlyCount "76"]

1. g3 c5 2. Bg2 Nc6 3. c4 g6 4. Nc3 Bg7 5. Nf3 e5 6. O-O Nge7 7. e4 d6 8. d3
O-O 9. Be3 h6 10. Qd2 Kh7 11. Ne1 Nd4 12. f4 Rb8 13. Nf3 a6 14. Nd5 b5 15. Bxd4
exd4 16. Nxe7 Qxe7 17. b3 Bg4 18. Rab1 Qd7 19. Rfe1 Rfe8 20. Qa5 b4 21. e5 f6
22. e6 Bxe6 23. Qxa6 Bf5 24. Rbd1 Ra8 25. Ng5+ fxg5 26. Bxa8 gxf4 27. Bc6 Rxe1+
28. Rxe1 Qf7 29. Bd5 Qf6 30. Qa8 h5 31. Re8 fxg3 32. Bg8+ Kh6 33. hxg3 Bxd3 34.
Qg2 Qg5 35. Qf2 Bf5 36. Be6 d3 37. Bxf5 Bd4 38. Bxd3 Qxg3+ 0-1

[Event "6eme OPEN BLAGNY"]
[Site "BLAGNY 08 ARDENNES"]
[Date "????.??.??"]
[Round "6.2"]
[White "Schweitzer, Marc"]
[Black "Schweitzer, Viktoriya"]
[Result "1/2-1/2"]
[WhiteElo "1943"]
[BlackElo "2186"]
[PlyCount "55"]

1. e4 e6 2. d4 d5 3. exd5 exd5 4. Nf3 Nf6 5. Bd3 Bb4+ 6. Bd2 Qe7+ 7. Qe2 Qxe2+
8. Bxe2 Bxd2+ 9. Nbxd2 Bg4 10. h3 Bxf3 11. Bxf3 Nbd7 12. O-O O-O-O 13. Rfe1
Rde8 14. Rxe8+ Rxe8 15. Kf1 c6 16. Re1 Rxe1+ 17. Kxe1 Kc7 18. c3 Kd6 19. Ke2 a5
20. Kd3 b5 21. b3 Nb6 22. a3 a4 23. b4 Nc8 24. Be2 Ne7 25. g3 Nf5 26. Bg4 Nxg4
27. hxg4 Nh6 28. f3 1/2-1/2

[Event "6eme OPEN BLAGNY"]
[Site "BLAGNY 08 ARDENNES"]
[Date "????.??.??"]
[Round "6.3"]
[White "Marini, Franck"]
[Black "Monaville, Guy"]
[Result "0-1"]
[WhiteElo "1576"]
[BlackElo "2094"]
[PlyCount "72"]

1. d4 d5 2. c4 Nc6 3. Nf3 Bg4 4. e3 e5 5. dxe5 dxc4 6. Be2 Qxd1+ 7. Bxd1 Bxf3
8. Bxf3 Nxe5 9. O-O Nxf3+ 10. gxf3 Nf6 11. Bd2 O-O-O 12. Bc3 Nd5 13. Bd4 Bb4
14. Nc3 c5 15. Nxd5 Rxd5 16. Bc3 Bxc3 17. bxc3 Rd3 18. Rfc1 Rhd8 19. Kf1 Rd2
20. a4 Rb2 21. Rd1 Rdd2 22. Rxd2 Rxd2 23. a5 Kc7 24. Ra4 Kc6 25. Rxc4 Kb5 26.
Rf4 Rd7 27. Rg4 g6 28. Rg5 f6 29. Rg4 Kxa5 30. Rh4 b5 31. Re4 b4 32. cxb4+ cxb4
33. Rc4 b3 34. Rc1 b2 35. Rb1 Rd2 36. Ke1 Rc2 0-1

[Event "6eme OPEN BLAGNY"]
[Site "BLAGNY 08 ARDENNES"]
[Date "????.??.??"]
[Round "6.4"]
[White "Jupin, Francois"]
[Black "Jupin, Remi"]
[Result "1/2-1/2"]
[WhiteElo "1623"]
[BlackElo "1520"]
[PlyCount "23"]

1. d4 Nf6 2. Nf3 d5 3. e3 e6 4. Bd3 c5 5. c3 Nc6 6. Nbd2 Bd6 7. O-O cxd4 8.
exd4 O-O 9. Re1 Qc7 10. Qe2 h6 11. Nf1 Re8 12. Ne5 1/2-1/2

[Event "6eme OPEN BLAGNY"]
[Site "BLAGNY 08 ARDENNES"]
[Date "????.??.??"]
[Round "6.5"]
[White "Audino, Marco"]
[Black "Hurreau, Jean Francois"]
[Result "1-0"]
[WhiteElo "1499"]
[BlackElo "1452"]
[PlyCount "45"]

1. e4 e5 2. Nf3 Nf6 3. d4 Nxe4 4. Nxe5 d6 5. Nf3 Be7 6. Bd3 Nf6 7. h3 Nc6 8. c3
O-O 9. Be3 Re8 10. Qc2 g6 11. Nbd2 Nd5 12. Nf1 Bf6 13. O-O-O Nce7 14. g4 Nxe3
15. Nxe3 Be6 16. Kb1 Nd5 17. Ng2 Qd7 18. Nd2 Qc6 19. Ne4 Kg7 20. f4 Ne7 21. g5
Bxg5 22. fxg5 Bf5 23. Nh4 1-0

[Event "6eme OPEN BLAGNY"]
[Site "BLAGNY 08 ARDENNES"]
[Date "????.??.??"]
[Round "6.6"]
[White "Habran, Gael"]
[Black "Romain, Adeline"]
[Result "1-0"]
[WhiteElo "1542"]
[BlackElo "1710"]
[PlyCount "47"]

1. e4 d5 2. exd5 Qxd5 3. Nc3 Qa5 4. d4 c6 5. Nf3 Nf6 6. Bc4 Bg4 7. O-O Qb4 8.
Bxf7+ Kxf7 9. Ne5+ Ke8 10. Nxg4 Nbd7 11. Ne5 Rd8 12. Nf3 c5 13. dxc5 Nxc5 14.
Qe2 Qb6 15. Rb1 Qc7 16. Qc4 h6 17. Bf4 Qc6 18. Ne5 Qe6 19. Qxc5 a6 20. Qc7 Nd5
21. Nxd5 Qxd5 22. c4 Qd4 23. Qxb7 g5 24. Qc6+ 1-0